000 00539nam a22001817a 4500
005 20251108164115.0
008 250721s2004 xx 000 0 ara d
082 1 4 _a616.1027/حسن
100 1 _aحسن، زكي محمد
245 1 0 _aالطب النفسي الرياضي /
264 1 _aالإسكندرية :
_bالمكتبة المصرية للطباعة،
_c2004.
300 _a40ص.
650 1 7 _aالطب الرياضي
650 1 7 _aالطب النفسي
700 1 _aصبري، محمد
942 _2ddc
_cBK
999 _c3792
_d3792